Southville International School and Colleges
Your cart is empty.
  • Cart
  • Lists
    Public lists Eva Luna New books Lux_list list_1
    Your lists Log in to create your own lists
  • Log in to your account
  • Your cookies
  • Search history
Southville International School and Colleges
  • Advanced search
  • Recent comments
  • Most popular
  • Libraries

Log in to your account

Log in with GOOGLE


If you do not have an external account, but do have a local account, you can still log in:

  1. Home
  2. MARC view: Loving each other :
Normal view MARC view ISBD view

Loving each other : (Record no. 283322)

[ view plain ]
MARC details
000 -LEADER
fixed length control field 00420nam a2200133Ia 4500
008 - FIXED-LENGTH DATA ELEMENTS--GENERAL INFORMATION
fixed length control field 150223s9999 xx 000 0 und d
020 ## - INTERNATIONAL STANDARD BOOK NUMBER
International Standard Book Number 9710824899
050 ## - LIBRARY OF CONGRESS CALL NUMBER
Classification number HM 132
Item number .B976 1984
100 ## - MAIN ENTRY--PERSONAL NAME
Personal name Buscaglia, Leo.
245 ## - TITLE STATEMENT
Title Loving each other :
Remainder of title the challenge of human relationships /
Statement of responsibility, etc Leo Buscaglia.
260 ## - PUBLICATION, DISTRIBUTION, ETC. (IMPRINT)
Place of publication, distribution, etc USA :
Name of publisher, distributor, etc SLACK Incorporated,
Date of publication, distribution, etc 1984
300 ## - PHYSICAL DESCRIPTION
Extent 208 pages :
Dimensions 22 cm.
504 ## - BIBLIOGRAPHY, ETC. NOTE
Bibliography, etc Includes bibliography.

No items available.

Loving each other :

APA

Buscaglia L., . (1984). Loving each other. USA: SLACK Incorporated.

Chicago

Buscaglia Leo, . 1984. Loving each other. USA: SLACK Incorporated.

Harvard

Buscaglia L., . (1984). Loving each other. USA: SLACK Incorporated.

MLA

Buscaglia Leo, . Loving each other. USA: SLACK Incorporated. 1984.

  • Print
  • Cite
  • Add to your cart (remove)
  • Save record
    BIBTEX Dublin Core MARCXML MARC (non-Unicode/MARC-8) MARC (Unicode/UTF-8) MARC (Unicode/UTF-8, Standard) MODS (XML) RIS
  • More searches
    Search for this title in:
    Other Libraries (WorldCat) Other Databases (Google Scholar) Online Stores (Bookfinder.com) Open Library (openlibrary.org)

Exporting to Dublin Core...

SOUTHVILLE LIBRARY

Southville International School and Colleges Library

1281 Tropical Ave. Cor. Luxembourg St., BF Homes International, Las Pinas City

Tel. No. 8256374 / 252358 Loc. 117/146

Powered by Koha